MARC details
| 000 -CABECERA |
| campo de control de longitud fija |
04663nam a2200493 a 4500 |
| 001 - NÚMERO DE CONTROL |
| campo de control |
dia_4714 |
| 003 - IDENTIFICADOR DEL NÚMERO DE CONTROL |
| campo de control |
CHAP |
| 005 - FECHA Y HORA DE LA ÚLTIMA TRANSACCIÓN |
| campo de control |
20240926130712.0 |
| 007 - CAMPO FIJO DE DESCRIPCIÓN FÍSICA--INFORMACIÓN GENERAL |
| campo de control de longitud fija |
ta |
| 008 - DATOS DE LONGITUD FIJA--INFORMACIÓN GENERAL |
| campo de control de longitud fija |
220117s2011 mx abe frm 001 0 spa d |
| 010 ## - NÚMERO DE CONTROL DE LA BIBLIOTECA DEL CONGRESO |
| Número de control de LC |
175443 |
| 040 ## - FUENTE DE LA CATALOGACIÓN |
| Centro catalogador/agencia de origen |
mxchpua |
| Centro/agencia transcriptor |
CHAP |
| 041 0# - CÓDIGO DE LENGUA |
| Código de lengua del texto/banda sonora o título independiente |
spa |
| Código de lengua del sumario o resumen |
eng |
| 090 ## - LOCALMENTE ASIGNADO TIPO-LC NÚMERO DE CLASIFICACIÓN (OCLC); NÚMERO DE CLASIFICACIÓN LOCAL (RLIN) |
| Número de clasificación (OCLC) (R) ; Numero de clasificación, CALL (RLIN) (NR) |
Tesis |
| Número cutter local (OCLC) ; Número de libro/Signatura topográfica íntegra, CALL (RLIN) |
C678 |
| año |
2011 |
| 100 1# - ENTRADA PRINCIPAL--NOMBRE DE PERSONA |
| Nombre de persona |
Cortés Zavala, Luis Miguel |
| 240 10 - TÍTULO UNIFORME |
| Título uniforme |
Project for the installation of a vegetable packing (tomatoe (Lycopersicon esculentum Mill), SQUASH (Cucurbita pepo L) and CUCUMBER (Cucumis sativus L)) in Tepalcingo, Morelos. |
| Lenguaje de la obra |
Español |
| 245 10 - MENCIÓN DE TÍTULO |
| Título |
Proyecto para la instalación de una empacadora de hortalizas (Jitomate Lycopersicon esculentum Mill, Calabacita Cucúrbita pepo L y pepino Cucumis sativus L) en Tepalcingo, Morelos / |
| Mención de responsabilidad, etc. |
Luis Miguel Cortés Zavala |
| 264 ## - PRODUCCIÓN, PUBLICACIÓN, DISTRIBUCIÓN, FABRICACIÓN Y COPYRIGHT |
| Producción, publicación, distribución, fabricación y copyright |
Chapingo, México : |
| Nombre del de productor, editor, distribuidor, fabricante |
El autor, |
| Fecha de producción, publicación, distribución, fabricación o copyright |
2011 |
| 300 ## - DESCRIPCIÓN FÍSICA |
| Extensión |
xiii, 90 hojas : |
| Otras características físicas |
ilustraciones, tablas, mapas, planos + |
| Material acompañante/anejo |
1 CD-ROM |
| 336 ## - TIPO DE CONTENIDO |
| Fuente |
rdacontent |
| Término de tipo de contenido |
texto |
| Código de tipo de contenido |
txt |
| 337 ## - TIPO DE MEDIO |
| Fuente |
rdamedia |
| Nombre/término del tipo de medio |
no mediado |
| Código del tipo de medio |
n |
| 338 ## - TIPO DE SOPORTE |
| Fuente |
rdacarrier |
| Nombre/término del tipo de soporte |
volumen |
| Código del tipo de soporte |
nc |
| 502 ## - NOTA DE TESIS |
| Nota de tesis |
Formulación o Evaluación de Proyectos |
| Tipo de título |
(Ingeniero Agroindustrial) -- |
| Nombre de la institución que otorga el título |
UACh. Departamento de Ingeniería Agroindustrial, |
| Año de obtención del título |
2011 |
| 504 ## - NOTA DE BIBLIOGRAFÍA, ETC. |
| Nota de bibliografía, etc. |
Bibliografía: hojas 88-90 |
| 505 00 - NOTA DE CONTENIDO CON FORMATO |
| Nota de contenido con formato |
3 planos : --<br/>1. Plano de distribución de áreas y equipo (Esc. 1:10) --<br/>2. Diagrama de recorrido --<br/>3. Diagrama de flujo del proceso de producción |
| 520 3# - SUMARIO, ETC. |
| Sumario, etc. |
Este trabajo tiene la finalidad de realizar un estudio técnico económico, para determinar la factibilidad, rentabilidad y el nivel de riesgo de la instalación de una empacadora de hortalizas en Tepalcingo, Morelos. Se desarrolló un estudio de mercado, un estudio mercadológico y de abasto de la materia prima. El diseño del proceso de producción en planta y la selección de maquinaria y equipo representaron una inversión inicial de $ 5025.25 miles. Considerando el diagnóstico de la organización, se acordó el establecimiento de una pequeña empresa con capacidad de 1566 ton anuales. El análisis financiero con un horizonte a ocho años determinó que el establecimiento de la empresa es viable, mostrando una Tasa Interna de Retorno (TIR) de 93.58%, un Valor Actual Neto (VAN) de $ 2609.05 miles, y una relación B/C de 2.19. Se hizo el análisis de sensibilidad en el cual se detectó que el proyecto es sensible a un incremento en 15% en costos y al decremento en 15% en ingresos ya que a partir del año 4 se presentan cifras negativas en la utilidad neta de la empresa por lo que se debe cuidar que esto no suceda. Finalmente se concluyó que la instalación y puesta en marcha de este proyecto es técnica, económica, social y ambientalmente factible. |
| 520 3# - SUMARIO, ETC. |
| Sumario, etc. |
This work is intended to perform a technical and economic study to determine the feasibility, profitability and risk level of the installation of a vegetable packing in Tepalcingo, Morelos. We developed a market survey, a study marketing muscle and raw material supply. The design of the factory production process and the selection of machinery and equipment accounted for an initial investment of $ 5025.25 miles. Whereas the diagnosis of the organization, agreed to establish a small business with a capacity of 1566 tons per year. The financial analysis with an eight-year horizon determined that the establishment of the company is viable, showing an Internal Rate of Return (IRR) of 93.58%, a Net Present Value (NPV) of $ 2609.05 thousands, and a ratio B / C of 2.19. It was the sensitivity analysis in which it was found that the project is sensitive to a 15% increase in costs and 15% decrease in revenue since starting in year 4 are negative numbers in the company's net income so be careful that this does not happen. Finally it was concluded that the installation and commissioning of this project is technically, economically, socially and environmentally feasible. |
| 650 13 - PUNTO DE ACCESO ADICIONAL DE MATERIA--TÉRMINO DE MATERIA |
| Término de materia o nombre geográfico como elemento de entrada |
Envasado de alimentos |
| Fuente del encabezamiento o término |
atg |
| 650 13 - PUNTO DE ACCESO ADICIONAL DE MATERIA--TÉRMINO DE MATERIA |
| Término de materia o nombre geográfico como elemento de entrada |
Industria de los alimentos |
| Fuente del encabezamiento o término |
atg |
| 650 13 - PUNTO DE ACCESO ADICIONAL DE MATERIA--TÉRMINO DE MATERIA |
| Término de materia o nombre geográfico como elemento de entrada |
Legumbres |
| Fuente del encabezamiento o término |
atg |
| Subdivisión general |
Empacado |
| 650 13 - PUNTO DE ACCESO ADICIONAL DE MATERIA--TÉRMINO DE MATERIA |
| Término de materia o nombre geográfico como elemento de entrada |
Plantas empacadoras |
| Fuente del encabezamiento o término |
atg |
| Subdivisión geográfica |
México |
| -- |
Morelos |
| 650 13 - PUNTO DE ACCESO ADICIONAL DE MATERIA--TÉRMINO DE MATERIA |
| Término de materia o nombre geográfico como elemento de entrada |
Food industry |
| Fuente del encabezamiento o término |
atg |
| 650 13 - PUNTO DE ACCESO ADICIONAL DE MATERIA--TÉRMINO DE MATERIA |
| Término de materia o nombre geográfico como elemento de entrada |
Food packaging |
| Fuente del encabezamiento o término |
atg |
| 650 13 - PUNTO DE ACCESO ADICIONAL DE MATERIA--TÉRMINO DE MATERIA |
| Término de materia o nombre geográfico como elemento de entrada |
Legumes |
| Subdivisión general |
Packing |
| Fuente del encabezamiento o término |
atg |
| 650 13 - PUNTO DE ACCESO ADICIONAL DE MATERIA--TÉRMINO DE MATERIA |
| Término de materia o nombre geográfico como elemento de entrada |
Packing houses |
| Fuente del encabezamiento o término |
atg |
| Subdivisión geográfica |
Mexico |
| -- |
Morelos |
| 700 1# - PUNTO DE ACCESO ADICIONAL--NOMBRE DE PERSONA |
| Nombre de persona |
Szymanski Duque, Rosa Guadalupe |
| Término indicativo de función/relación |
directora |
| 700 1# - PUNTO DE ACCESO ADICIONAL--NOMBRE DE PERSONA |
| Nombre de persona |
Ponce Hernández, Pedro |
| Término indicativo de función/relación |
asesor |
| 700 1# - PUNTO DE ACCESO ADICIONAL--NOMBRE DE PERSONA |
| Nombre de persona |
Suárez Espinosa, Carlos |
| Término indicativo de función/relación |
asesor |
| 856 41 - LOCALIZACIÓN Y ACCESO ELECTRÓNICOS |
| Identificador Uniforme del Recurso |
<a href="http://10.13.5.2/tesis/113377.pdf">http://10.13.5.2/tesis/113377.pdf</a> |
| Texto de enlace |
DESCARGAR PDF |
| 901 ## - ELEMENTOS DE DATOS A LOCAL LDA (RLIN) |
| a |
Tesis C678 2011 |
| 942 ## - ELEMENTOS DE PUNTO DE ACCESO ADICIONAL (KOHA) |
| Tipo de ítem Koha |
TESIS |
| Fuente del sistema de clasificación o colocación |
Clasificación Universidad Autónoma Chapingo |
| 902 ## - ELEMENTOS DE DATOS B LOCAL, LDB (RLIN) |
| a |
M |
| 905 ## - ELEMENTOS DE DATOS E LOCAL, LDE (RLIN) |
| a |
5232272011 mx ainl8223223322spa26 |